Loading...
Current Events | 3 | 13.33 | 67% | 67% | 0% |
Fine Arts - Classical Music | 5 | 12.00 | 100% | 20% | 0% |
Fine Arts - Other Fine Arts | 5 | 12.00 | 100% | 20% | 0% |
Fine Arts - Painting and Sculpture | 4 | 17.50 | 100% | 75% | 0% |
Geography | 4 | 10.00 | 100% | 0% | 0% |
History - American History | 1 | 10.00 | 100% | 0% | 0% |
History - European History | 3 | 13.33 | 100% | 0% | 33% |
History - Other History | 2 | 20.00 | 100% | 50% | 50% |
History - World History | 7 | 12.86 | 86% | 43% | 0% |
Literature - Drama | 1 | 10.00 | 100% | 0% | 0% |
Literature - Long Fiction | 3 | 16.67 | 100% | 67% | 0% |
Literature - Misc Literature | 2 | 20.00 | 100% | 100% | 0% |
Literature - Poetry | 3 | 16.67 | 100% | 33% | 33% |
Literature - Short Fiction | 1 | 20.00 | 100% | 100% | 0% |
Mythology | 2 | 15.00 | 100% | 50% | 0% |
Other Academic | 5 | 12.00 | 80% | 20% | 20% |
Philosophy | 3 | 13.33 | 100% | 33% | 0% |
Religion | 2 | 25.00 | 100% | 100% | 50% |
Science - Biology | 2 | 15.00 | 100% | 50% | 0% |
Science - Chemistry | 3 | 6.67 | 67% | 0% | 0% |
Science - Other Science | 4 | 5.00 | 50% | 0% | 0% |
Science - Physics | 3 | 6.67 | 67% | 0% | 0% |
Social Science | 6 | 11.67 | 100% | 0% | 17% |